| 000 | 00749nam a22002417i 4500 | ||
|---|---|---|---|
| 003 | DO-SdBNP | ||
| 005 | 20250211094044.0 | ||
| 007 | ta | ||
| 008 | 230426b2011 dr ||||| |||| 00| 0 spa d | ||
| 040 |
_bspa _cBNPHU _erda _aDO-SdBNP |
||
| 082 |
_222 _bC735 |
||
| 110 | 1 | 2 |
_aRepública Dominicana . _bConsejo Nacional de Reforma del Estado _983302 |
| 245 |
_aComo hacer : _bdesarrollo local |
||
| 264 |
_aSanto Domingo : _bCONARE, _c2011 |
||
| 300 |
_a18 paginas ; _c22 cm |
||
| 336 |
_2rdacontent _atexto _btxt |
||
| 337 |
_2rdamedia _asin mediación _bn |
||
| 338 |
_2rdacarrier _avolumen _bnc |
||
| 590 | _aInventariado, 2023 / DG | ||
| 710 | 1 |
_aRepública Dominicana. Consejo Nacional de Reforma del Estado _964396 |
|
| 910 | _aDG | ||
| 942 |
_2ddc _cLF2 |
||
| 999 |
_c53381 _d53381 |
||